Los homicidios atenuados : análisis doctrinal y jurisprudencial /
Guardado en:
| Autor Principal: | |
|---|---|
| Formato: | Libro |
| Idioma: | Undetermined |
| Publicado: |
Buenos Aires :
Hammurabi,
2017.
|
| Edición: | 1a. ed. |
| Series: | Delitos contra la vida ;
3 |
| Materias: | |
| Etiquetas: |
Agregar Etiqueta
Sin Etiquetas, Sea el primero en etiquetar este registro!
|
| LEADER | 00767nam a22001815a 4500 | ||
|---|---|---|---|
| 001 | DER.der015178 | ||
| 008 | 250424s2017####ag############000#0#und#d | ||
| 005 | 20250424150216.0 | ||
| 245 | 1 | 0 | |a Los homicidios atenuados : |b análisis doctrinal y jurisprudencial / |c José Ignacio Pazos Crocitto. |
| 250 | |a 1a. ed. | ||
| 260 | |a Buenos Aires : |b Hammurabi, |c 2017. | ||
| 300 | |a 322 p. | ||
| 490 | 1 | |a Delitos contra la vida ; |v 3 | |
| 500 | |a Homicidio bajo los efectos de una emoción violenta excusable. Preterintencional. Concurso de atenuantes y agravantes. Homicidio agravado por su comisión con arma de fuego. Homicidio en riña. | ||
| 020 | |a 9789507418020 | ||
| 100 | 1 | |a Pazos Crocitto, José Ignacio. | |
| 650 | 7 | |a DERECHO PENAL | |
| 859 | |a DERECHO |b BIB. DERECHO |h 345.02 |i PAZ |p 0010578 | ||
